00912nam a2200241Ia 450000100060000000300090000600800410001504000130005604000130006904100130008210000210009510000290011624500800014524500790022525000110030426000090031526000110032426000490033530000430038450001690042765000430059665000310063963405IT-RoPAU130308s9999 xx 000 0 und d aIT-RoPAU cIT-RoPAU aITALIANO aCaramiello Luigi gCodice Aut. SPICS: 22941 aMedium nucleare (Il)-Culture, comportamenti, immaginario nell'età atomica bMedium nucleare (Il)-Culture, Comportamenti, immaginario nell'Eta' Atomica a1a ed. aROMA bLavoro c1987 [1° Ed.:1987 - Ed.Ling.Originale:1987] a"226 p. (prefazione: no ; testo: 226)" aCatastrofe Culturale Teoria e Saperi Dopo Hiroshima Atomic Life Mentalità e scelte dell'Era Atomica Apocalisse e immaginario Racconto dell'Atomica e del Dopobomba aSOCIOLOGIA DELLA COMUNICAZIONE SOCIALE eCodice materia Spics: 3806